| 000 | 00358nam a2200145Ia 4500 | ||
|---|---|---|---|
| 008 | 230711s9999||||xx |||||||||||||| ||und|| | ||
| 041 | _aENG | ||
| 082 |
_a624 _bNS-S |
||
| 100 | _aN,S Trahair | ||
| 245 | 4 | _aThe behaviour and design of steel structure | |
| 250 | _a1st | ||
| 260 |
_c1977 _aNew York _bChapman & Hall |
||
| 650 | _aCivil Engineering | ||
| 942 | _cBK | ||
| 999 |
_c458 _d458 |
||